00658nam a2200205 a 450000100060000000300080000600500170001400800410003103500190007204000360009104100080012708200240013510000310015924500980019026000630028830000320035150000180038350400320040165100190043364474BD-RjUL20211209081319.0170215s1953 enkb b 001 0 eng  a(BD-RjUL)64604 aDLCcOCedCdOCoLCdBD-RjULbeng aeng a956.7223bLOI 19531 aLongrigg, Stephen Hemsley.10aIraq, 1900 to 1950 :ba political, social, and economic history /cStephen Hemsley Longrigg,  aLondon :bOxford University Press,c1953 [impression 1956] ax, 436 p. :bill, ;c23 cm. aInclude index aBibliography: p. [401]-412. 0aIraqxHistory.